| 000 | 01089mam a2200301 a 4500 | ||
|---|---|---|---|
| 001 | 2167923 | ||
| 003 | ARRUPE | ||
| 005 | 20160503110008.0 | ||
| 008 | 980928s1998 sw b 001 0 eng d | ||
| 020 | _a9171064192 (pbk.) | ||
| 035 | _a(OCoLC)ocm39944933 | ||
| 040 |
_aEUN _cEUN _dHVC _dNNC |
||
| 043 | _af------ | ||
| 090 | _aJQ1877.9O6P64 1998 | ||
| 100 |
_aAdebayo O. Olukoshi _924311 |
||
| 245 | 1 | 4 |
_aThe Politics of opposition in contemporary Africa / _cedited by Adebayo O. Olukoshi. |
| 260 |
_aUppsala : _bNordiska Afrikainstitutet, _c1998. |
||
| 300 |
_a328 p. ; _c25 cm. |
||
| 500 | _aRevised papers from a December 1995 conference held in Accra, Ghana, organized by the Nordic African Institute. | ||
| 504 | _aIncludes bibliographical references (p. 306-318) and index. | ||
| 650 | 0 |
_aOpposition (Political science) _zAfrica. _924312 |
|
| 650 | 0 |
_aDemocracy _zAfrica. _912206 |
|
| 650 | 0 |
_aPolitical parties _zAfrica. _924313 |
|
| 651 | 0 |
_aAfrica _xPolitics and government. _924314 |
|
| 700 | 1 |
_aOlukoshi, Adebayo O. _924315 |
|
| 942 |
_2lcc _cMONOGRAPH |
||
| 999 |
_c124785 _d124785 |
||